| 000 | 00552nam a22001697a 4500 | ||
|---|---|---|---|
| 003 | SGT | ||
| 020 | _a9788121933506 | ||
| 082 | _a530,ARO | ||
| 100 | _aARORA,C.L | ||
| 245 |
_aPHYSICS FOR DEGREE STUDENTS B.Sc. 1ST YEAR _bAS PER UGC MODEL CURRICULUM (FOR ALL INDIAN UNIVERSITIES) |
||
| 250 | _a1ST | ||
| 260 |
_aNEW DELHI _bS.CHNAD _c2014 |
||
| 300 | _a882 | ||
| 650 | _aPHYSICS | ||
| 653 | _aSECTION 1: MECHANICS LAWS OF MOTION, OSCILLATIONS AND PROPERTIES OF MATTER SECTION 2:ELECTRICITY , MAGNETISM AND ELECTROMAGNETIC THEORY | ||
| 942 |
_2ddc _cFPS _02 |
||
| 999 |
_c9271 _d9271 |
||